03058nab a2200313uuc4500001000800000005001700008007001000025008004100035035001200076040001300088041000800101100003300109245014600142520181900288650002402107650003202131650004802163700002802211700003102239700002802270700002902298700003002327700003602357700003602393700002802429700003002457773014802487856010902635139411220240202120401.0cr|||||||141201 spa  a1394112 ccomduadb aspa10aDíaz Veiga, Pura4auteaut10aEfectos del Modelo de Atención Centrado en la Persona en la calidad de vida de personas con deterioro cognitivo de centros gerontológicos3 aIntroducción El Modelo de Atención Centrado en la Persona ha suscitado creciente interés para su aplicación en centros gerontológicos. Sin embargo, hay escasas aportaciones sobre su impacto en nuestro contexto. El objetivo del trabajo consiste en establecer las consecuencias que para la calidad de vida de residentes con deterioro cognitivo, tienen las intervenciones asociadas al Modelo de Atención Centrado en la Persona en el Proyecto "Etxean Ondo". Material y métodos Se seleccionó a 119 residentes con deterioro cognitivo, 59 en el grupo control y 60 en el grupo experimental. Los sujetos de cada grupo fueron distribuidos según su deterioro cognitivo: leve o grave. Se implantaron cambios en los entornos físico, y organizativo para la promoción de autonomía y bienestar. Se evaluó la calidad de vida, antes de las intervenciones y 6 meses después, utilizándose las escalas Fumat (deterioro cognitivo leve) y Qualid (deterioro cognitivo grave). Se utilizó t de Student para las comparaciones de medias. Resultados En las comparaciones intergrupo, se identificaron diferencias significativas en la escala Fumat a favor del grupo control con deterioro cognitivo leve. Estas diferencias no se registraron en la evaluación posterior. El grupo experimental con deterioro cognitivo grave mejoró significativamente en la escala Qualid en la evaluación posterior. En las comparaciones intragrupo, se registraron mejoras significativas en la calidad de vida de los sujetos del grupo experimental, tanto con deterioro cognitivo grave como leve. Conclusiones Los hallazgos avalan la efectividad de las intervenciones e identifican cuestiones metodológicas y conceptuales que deberán considerarse en el análisis de los efectos del Modelo de Atención Centrado en la Persona. aDeterioro cognitivo aCalidad de vida en la vejez aModelo de atención centrado en la persona10aSancho, Mayte4auteaut10aGarcía, Alvaro4auteaut10aRivas, Esther4auteaut10aAbad, Elixabet4auteaut10aSuárez, Nerea4auteaut10aMondragón, Gabriela4auteaut10aBuiza Bueno, Cristina4auteaut10aOrbegozo, Ana4auteaut10aYanguas, Javier4auteaut0 tRevista Española de Geriatría y Gerontología (España)gVol. 49. Núm. 06. Noviembre 2014 - Diciembre 2014, p. 266-271w136260806784804 uhttps://aplicacionesbiblioteca.udea.edu.co:2629/#!/browse/toc/1-s2.0-S0211139X14X00065/null/journalIssue